Propuesta de una metodología para los diseños de sistemas de puesta a tierra para edificios de oficina
El siguiente trabajo monográfico se realizó una propuesta de metodología para diseñar el sistema de puesta a tierra para uso de instalaciones de edificios de oficinas esta Metodología será utilizada como una herramienta de trabajo, un instructivo que detallará los criterios técnicos que cump...
| Main Authors: | , |
|---|---|
| Other Authors: | |
| Format: | Tesis Section = Libro |
| Language: | Undetermined Spanish |
| Published: |
Managua
UNI
2023
|
| Subjects: |
| LEADER | 01278nam a2200277Ia 4500 | ||
|---|---|---|---|
| 008 | 240830s9999 xx 000 0 und d | ||
| 040 | |a BIBLIOTECA-RUSB/ Mon 621.31912 H557 | ||
| 041 | |a spa | ||
| 082 | |a Mon 621.31912 H557 | ||
| 100 | 1 | |a Hernández Mendoza, Marco Antonio | |
| 100 | 1 | |b Su Hurtado, Pedro Pablo | |
| 245 | 1 | 0 | |a Propuesta de una metodología para los diseños de sistemas de puesta a tierra para edificios de oficina |
| 260 | |a Managua |b UNI |c 2023 | ||
| 300 | |a 118 p.: il. | ||
| 500 | |a Contiene: anexos y CD | ||
| 502 | |a Tesis (Ingeniería Eléctrico) - UNI, 2023. | ||
| 520 | 3 | |a El siguiente trabajo monográfico se realizó una propuesta de metodología para diseñar el sistema de puesta a tierra para uso de instalaciones de edificios de oficinas esta Metodología será utilizada como una herramienta de trabajo, un instructivo que detallará los criterios técnicos que cumplan con las normativas vigentes tanto nacionales como internacionales. | |
| 650 | 7 | |a SISTEMAS ELECTRICOS | |
| 650 | 7 | |b INSTALACIONES ELECTRICAS | |
| 650 | 7 | |c SISTEMAS DE PUESTA A TIERRA | |
| 650 | 7 | |d ENERGIA ELECTRICA | |
| 650 | 7 | |e CALIDAD DE LA ENERGIA | |
| 700 | 1 | |a Tutor: |b López Rivera, Nelson David | |
| 942 | |c BK |2 ddc | ||
| 991 | |a TESIS | ||
| 999 | |c 27760 | ||